| 000 | 00678nam a22001811a 4500 | ||
|---|---|---|---|
| 001 | 10466 | ||
| 003 | OSt | ||
| 005 | 20260204212200.0 | ||
| 008 | 090304s2000||||xxu||||||b||||||||||spa|| | ||
| 050 | _a379.174 T431c | ||
| 100 | _aTiana Ferrer, Alejandro | ||
| 245 | _aCooperación internacional en evaluación de la educación en América Latina y el Caribe: Análisis de la situación y propuesta de actuación / Alejandro Tiana Ferrer | ||
| 264 | _aEstados Unidos de América: Banco de Desarrollo Sostenible | ||
| 300 | _a46 p | ||
| 490 | _aSerie de informes técnicos del departamento de desarrollo sostenible | ||
| 650 | _aEducación - America LatinaÌ | ||
| 942 |
_2ddc _cBK |
||
| 999 |
_c10466 _d10466 |
||